Výtvarná práce čtrnáctideník pro výtvarnou kulturu

Bibliographic Details
Format: Newspaper
Language:Czech
PhysicalDescription:zv. 45 cm
Published: Praha Svaz československých výtvarných umělců 1952-1971
ISSN:2570-5520
Subjects:

MARC

LEADER 00000cas a22000004a 4500
001 vtls008882620
003 SK-MaSNL
005 20260228162305.0
008 020509d19521971xr uu n 0 0 b0cze c
022 |a 2570-5520 
035 |a (SVKBB03)vtls000113919 
040 |a SVKBB  |b slo  |c SVKBB  |d SNK  |e AACR2 
041 0 |a cze 
044 |a xr  |c CZ 
072 7 |a 72/76  |x Výtvarné umenie  |2 konspekt 
080 |a 72/76  |2 2011 
210 0 |a Výtv. pr. 
222 0 |a Výtvarná práce 
245 0 0 |a Výtvarná práce  |b čtrnáctideník pro výtvarnou kulturu 
260 |a Praha  |b Svaz československých výtvarných umělců  |c 1952-1971 
300 |a zv.  |c 45 cm 
310 |a Periodicita nie je známa 
650 0 7 |a výtvarné umenie  |2 SNKPH  |9 723 
910 |a snk 
999 |c 7442  |d 9372 
952 |0 0  |1 1  |4 0  |7 0  |a SNK  |b SNK  |d 1999-09-24  |l 0  |o snkČA 326/1971  |p 17A0211305  |r 2005-01-02 00:00:00  |w 2026-02-21  |y PREZ 
952 |0 0  |1 1  |4 0  |7 0  |a SNK  |b SNK  |d 1999-09-24  |l 0  |o snkČA 326/1970  |p 17A0211304  |r 2005-01-02 00:00:00  |w 2026-02-21  |y PREZ 
952 |0 0  |1 1  |4 0  |7 0  |a SNK  |b SNK  |d 1999-09-24  |l 0  |o snkČA 326/16/1969  |p 17A0211302  |r 2005-01-02 00:00:00  |w 2026-02-21  |y PREZ 
952 |0 0  |1 1  |4 0  |7 0  |a SNK  |b SNK  |d 1999-10-26  |l 0  |o snkČA 326/12/1964  |p 17A0215744  |r 2005-01-02 00:00:00  |w 2026-02-21  |y PREZ 
952 |0 0  |1 1  |4 0  |7 0  |a SNK  |b SNK  |d 1999-10-26  |l 0  |o snkČA 326/14/1966  |p 17A0215743  |r 2005-01-02 00:00:00  |w 2026-02-21  |y PREZ 
952 |0 0  |1 1  |4 0  |7 0  |a SNK  |b SNK  |d 1999-11-22  |l 0  |o snkČA 326/13/1965  |p 17A0218964  |r 2005-01-02 00:00:00  |w 2026-02-21  |y PREZ 
952 |0 0  |1 1  |4 0  |7 0  |a SNK  |b SNK  |d 2010-11-02  |i snkII. 127/54  |l 0  |o snkČA 326/1/1952-53  |p 17A0671639  |r 2026-02-21 20:08:52  |t č. 1-31  |w 2026-02-21  |y PREZ 
952 |0 0  |1 1  |4 0  |7 0  |a SNK  |b SNK  |d 2001-01-26  |l 0  |o snkČA 326/8/1960  |p 17A0267018  |r 2005-01-02 00:00:00  |w 2026-02-21  |y PREZ 
952 |0 0  |1 1  |4 0  |7 0  |a SNK  |b SNK  |d 2001-08-08  |l 0  |o snkČA 326/9/1961  |p 17A0309505  |r 2005-01-02 00:00:00  |w 2026-02-21  |y PREZ 
952 |0 0  |1 1  |4 0  |7 0  |a SNK  |b SNK  |d 2001-11-20  |l 0  |o snkČA 326/15/1967  |p 17A0323297  |r 2005-01-02 00:00:00  |w 2026-02-21  |y PREZ 
952 |0 0  |1 1  |4 0  |7 0  |a SNK  |b SNK  |d 2001-11-20  |l 0  |o snkČA 326/16/1968  |p 17A0323296  |r 2005-01-02 00:00:00  |w 2026-02-21  |y PREZ 
952 |0 0  |1 1  |3 rekatalogizácia  |4 0  |7 0  |a SNK  |b SNK  |d 2007-08-15  |i snkČIP 851/57  |l 0  |o snkČA 326/4/1956  |p 17A0542525  |r 2026-02-21 21:11:29  |t č. 1-26  |w 2026-02-21  |y PREZ